000 00260nam a2200109Ia 4500
008 220216s9999 xx 000 0 und d
245 0 _aRaathri tapping pareekshichalo ?
260 _bKarshakasree
_c2020
300 _a44
650 _aNight tapping
942 _cJS
999 _c66232
_d66232